Statistics for Kanye West Life Of Pablo (Lyrics)

Click here to take the quiz!

General Stats

  • This quiz has been taken 1,776 times
  • The average score is 15 of 20

Answer Stats

LyricsAnswer% Correct
I feel like me and Taylor might still have sexFamous
92%
I miss the old Kanye, straight from the 'Go KanyeI Love Kanye
88%
I've Been This Way Since Arthur Was A Anteater, Now They Want To Hit Me With The Woo Wap The BamUltralight Beam
83%
If mama knew now How you turned out, you too wildWolves
83%
When no one ain't around I feel it's fadin'Fade
82%
Sun don't shine in the shade (turn it up!) Bird can't fly in a cage (turn it up!)Waves
82%
If young Metro don't trust you I'm gon' shoot youFather Stretch My Hands Pt 1
81%
Tell my mama, tell my mama, that I only want my whole life to only be highlights We only makin' the highlightsHighlights
80%
Hey baby you forgot your Ray BansNo More Parties In LA
80%
Up in the morning, miss you bad Sorry I ain't called you back The same problem my father hadPt 2
80%
I'm not out of control, I'm just not in their controlSaint Pablo
78%
It's not many of us, we smile at each other But how many honest? Trust issuesReal Friends
76%
You had me drivin' far enough to switch the time zone30 Hours
71%
Give up the women Before I lose half of what I ownFML
68%
Ayy, y'all heard about the good news? Y'all sleeping on me, huh? Had a good snooze?Feedback
66%
I'm crying now, it feels so good to be free, to be accepted for who you are and loved no matter what, oh lord thank you, you are the joy of my life.Low Lights
65%
10 thousand dollar fur for Nori, I just copped it (Yo!)Facts
60%
Close eyes, see things Fire up, tweaking You in my freak dreams You in my freak dreamsFreestyle 4
60%
The rings all ring out Burn out, cave in Blackened to dark out I'm mixed now, fleshed outFrank's Track
56%
It's your boy Max B, what's going on?Siiiiiiiiilver Surffffeeeeer Intermission
48%

Score Distribution

Percentile by Number Answered

Percent of People with Each Score

Your Score History

You have not taken this quiz